| 000 | 01659cam a22003494i 4500 | ||
|---|---|---|---|
| 003 | PE-LiUPU | ||
| 005 | 20250731183419.0 | ||
| 008 | 150625s r 000 0 d | ||
| 035 | _a(Sirsi) a35920 | ||
| 040 |
_aPE-LiUPU _bspa _cPE-LiUPU _erda |
||
| 082 | 0 | 4 |
_a708.946 _bM51 _221 |
| 110 | 2 |
_aComunidad de Madrid. Consejería de Cultura _bDirección General de Patrimonio Cultural. |
|
| 245 | 1 | 0 |
_aMadrid El arte de los 60 / _cComunidad de Madrid. |
| 264 | 1 |
_aMadrid : _bComunidad de Madrid, _c1990. |
|
| 300 |
_a447 páginas : _bilustraciones, fotos ; _c29 cm. |
||
| 336 |
_atext _2rdacontent |
||
| 337 |
_aunmediated _2rdamedia |
||
| 338 |
_avolume _2rdacarrier |
||
| 505 | 0 | _aDe la ética a la estética. -Mis recuerdos de aquella década. -El arte español en los años 60. -El arte en Madrid: los años críticos. -El arte en Madrid de los años 60. -Apuntes de los cuadernos de la memoria (Madrid, 1963-1964). -Los años 60, parte de nuestra identidad. -Las razones de la "nueva generación". -Una década complicada. | |
| 526 | _aP158 | ||
| 526 | _aP146 | ||
| 526 | _aP17 | ||
| 526 | _aP12 | ||
| 526 | _aP06 | ||
| 650 | 0 | 4 |
_aArte español _vCatálogos _xExposiciones _ySiglo XX. |
| 910 |
_bhf _csm _d20050329 |
||
| 942 |
_2ddc _cBOOK |
||
| 949 |
_a708.946 M51 _wDEWEY _c1 _i53848 _lCCODEBUL1 _mBUL _p1150 _r0 _sY _tBOOK _u2015-06-25 _xBIBLIOTECA _zUNKNOWN _0COMPRA _o.STAFF. Colección General |
||
| 596 | _a1 | ||
| 999 |
_a708.946 M51 _wDEWEY _c43937 _i53848 _f2021-11-5 _g7 _lCCODEBUL1 _mBUL _r0 _sY _tBOOK _u2015-6-25 _xBIBLIOTECA _zUNKNOWN _0COMPRA _o.STAFF. Colección General _d43937 |
||
| 980 |
_81 _gALBERTO SANCHEZ Responsable de Automatización |
||